000 00625nam a22002177a 4500
003 UA-OsUOA
001 71933
007 ta
008 20101214b un ||||| |||| 00| 0 ukr d
100 _aЗахарін С.
090 _a330(477)
_bЗ-38
942 _cSA
040 _aUA-OsUOA
_bukr
_cUA-OsUOA
_dUA-OsUOA
245 _aФінансові інструменти активізації інвестиційної та інноваційної діяльності
300 _aС.48-59
955 _a0
041 _aukr
080 _a330(477)
773 0 _w71929
650 7 _a330 Економіка взагалі
_2UDC
999 _c358217
_d358217